| 000 | 01624nam a2200409 a 4500 | ||
|---|---|---|---|
| 001 | 30593 | ||
| 003 | BD-RjUL | ||
| 005 | 20211209051603.0 | ||
| 008 | 140410s1962 nyuar e 0 1 a0eng | ||
| 035 | _a(BD-RjUL)30679 | ||
| 040 |
_aDLC _cMnMULS _dNAlULS _dNIC _dN _dDLC _dNSDP _dDLC _dNST _dOCoLC _dDLC _dOCoLC _dDLC _dNST _dMH _dOCoLC _dB2Q _dDNLM _dNLGGC _dOCoLC _dBD-RjUL _beng |
||
| 041 | _aeng | ||
| 060 | 0 | 0 |
_aQ 121 _bM1471 |
| 082 | 0 | 4 |
_a505 _219 _bMCG 1962 |
| 245 | 0 | 0 |
_aMcGraw-Hill yearbook of science and technology : _b Comprehensive coverage of the important events of 1961 / _cas compiled by the staff of the McGraw-Hill encyclopedia of science and technology. |
| 246 | 1 | 0 | _aYearbook of science and technology |
| 260 |
_aNew York : _bMcGraw-Hill Book Co., _c1962. |
||
| 300 |
_a558 p. : _bill. ; _c26 cm. |
||
| 500 | _aTitle varies slightly. | ||
| 504 | _aIncludes index. | ||
| 550 | _aVols. for 1962-<88> compiled by the staff of the McGraw-Hill encyclopedia of science and technology. | ||
| 650 | 0 |
_aScience _vPeriodicals. _992945 |
|
| 650 | 0 |
_aTechnology _vPeriodicals. _992946 |
|
| 650 | 6 |
_aTechnologie _xRépertoires. _924312 |
|
| 650 | 6 |
_aSciences _xRépertoires. _924313 |
|
| 650 | 2 |
_aScience _vPeriodicals. _992947 |
|
| 650 | 2 |
_aTechnology _vPeriodicals. _992948 |
|
| 650 | 1 | 7 |
_aTechniek. _2gtt _924316 |
| 650 | 1 | 7 |
_aWetenschap. _2gtt _924317 |
| 710 |
_aas compiled by the staff of the McGraw-Hill encyclopedia of science and technology. _9113847 |
||
| 936 |
_aUnknown _a1988 |
||
| 942 |
_2ddc _cBK |
||
| 999 |
_c30593 _d30593 |
||